| 000 | 01612nam0a2200373 4500 | ||
|---|---|---|---|
| 001 | RU\NLR\bibl\350601 | ||
| 005 | 20250621153514.0 | ||
| 010 |
_a5-696-02053-4 _9150 |
||
| 021 |
_aRU _b2002-48744 _92358 |
||
| 035 | _a(NLR Aleph) 000345331 | ||
| 090 |
_a242164 _c242164 |
||
| 100 | _a20021218d2002 |||y0rusy50 ca | ||
| 101 | 0 | _arus | |
| 102 | _aRU | ||
| 105 | _aa ||||||||| | ||
| 200 | 1 |
_aДидактические основы отбора содержания химического образования в транспарантной форме _eМонография _fГ. П. Животовская _gМ-во образования Рос. Федерации, Юж.-Урал. гос. ун-т |
|
| 210 |
_aЧелябинск _cИзд-во Юж.-Урал. гос. ун-та _d2002 |
||
| 215 |
_a115 с. _cил. _d21 |
||
| 320 | _aБиблиогр.: с. 84-96 | ||
| 606 | 0 |
_aХимия _xМетодика преподавания _xВысшая школа _91890959 _3RU\NLR\auth\661150286 |
|
| 606 | 0 |
_aХимия _xПреподавание _xВысшая школа _92143006 _3RU\NLR\auth\661291419 |
|
| 610 | 0 | _aХимия - Методика преподавания | |
| 610 | 0 | _aХимическое образование высшее | |
| 675 |
_a378.016:54 _v3 _zrus |
||
| 686 |
_a14.35 _2rugasnti |
||
| 686 |
_a74.58 _2rubbk |
||
| 686 | _aЧ486.57-2 | ||
| 700 | 1 |
_aЖивотовская _bГ. П. _gГалина Петровна _4070 |
|
| 801 | 0 |
_aRU _bRKP _c20021218 _gPSBO |
|
| 801 | 1 |
_aRU _bRKP _c20021218 |
|
| 801 | 2 |
_aRU _bNLR _c20030115 _grcr |
|
| 942 | _cBOOK | ||
| 980 | _aNB | ||